00000000nam##2200000za#4500
0019.528042
003CaOODSP
00520200327071000
007ta
008150406|1997||||xxc|||||     f|0| 0 eng|d
020 |a0-660-60104-4
040 |aCaOODSP|beng
041 |aeng
041 |afre
043 |an-cn---
0861 |aBT31-2/1998-III-58
1101 |aCanada. |bTreasury Board.
24510|aPrivy Council Office
260 |aOttawa - Ontario : |bTreasury Board of Canada Secretariat |c1997.
300 |aEnglish text, 38p. : |borganization charts, tables ; |c28 cm.
4901 |a1997-98 estimates, part III: Expenditure plan
546 |aBilingual
563 |aSoftcover
590 |a97-08|b1997-02-21
7760#|tPrivy Council Office, 1997-98 estimates, part III, expenditure plan |w(CaOODSP)9.567555
7760#|tBureau du Conseil privé, budget des dépenses 1997-1998, partie III, plan de dépenses |w(CaOODSP)9.598888
792 |tBureau du Conseil privé |efre|w(CaOODSP)9.528043
830#0|a1997-98 estimates, part III: Expenditure plan.|w(CaOODSP)9.508958